Zabha nama / (Record no. 525661)

000 -LEADER
fixed length control field 00421nam a22001697a 4500
003 - CONTROL NUMBER IDENTIFIER
control field NUST
020 ## - INTERNATIONAL STANDARD BOOK NUMBER
Terms of availability Paperback
038 ## - RECORD CONTENT LICENSOR
Staff Name M. Shaban
082 ## - DEWEY DECIMAL CLASSIFICATION NUMBER
Classification number 297.32
Author Mark NAS
100 ## - MAIN ENTRY--PERSONAL NAME
Personal name Nasim Akhtar
9 (RLIN) 16598
245 ## - TITLE STATEMENT
Title Zabha nama /
Statement of responsibility, etc. Nasim Akhtar
260 ## - PUBLICATION, DISTRIBUTION, ETC.
Place of publication, distribution, etc. Multan :
Name of publisher, distributor, etc. Sariki Adbi Board,
Date of publication, distribution, etc. 2015.
300 ## - PHYSICAL DESCRIPTION
Extent 64 p. ;
880 ## - ALTERNATE GRAPHIC REPRESENTATION
Linkage 100-01\r
Title نسیم اختر
880 ## - ALTERNATE GRAPHIC REPRESENTATION
Linkage 245-02\r
Title ذبح نامہ /
942 ## - ADDED ENTRY ELEMENTS (KOHA)
Source of classification or shelving scheme
Koha item type Book
Holdings
Withdrawn status Lost status Source of classification or shelving scheme Damaged status Not for loan Permanent Location Current Location Shelving location Date acquired Total Checkouts Full call number Barcode Date last seen Price effective from Koha item type
          Central Library (CL) Central Library (CL) First Floor - Islam 07/03/2019   297.32 NAS CL-E-849 07/03/2019 07/03/2019 Book
© 2023 Central Library, National University of Sciences and Technology. All Rights Reserved.